000 00299nam a2200145Ia 4500
005 20260513122053.0
020 _a9783030542580
100 _aSkiena
365 _c
365 _b28.00
942 _cBK
245 _aThe Algorithm Design Manual 3/e
260 _bSpringer
999 _c92
_d92